|
|
|
|
| LEADER |
00000nab a2200000 a 4500 |
| 001 |
vtls008427660 |
| 003 |
SK-MaSNL |
| 005 |
20260303070244.0 |
| 008 |
060202c20060111xo mr| 0 0slo |
| 038 |
|
|
|a RVGKPD
|
| 040 |
|
|
|a RVGKPD
|b slo
|c RVGKPD
|e AACR2
|
| 041 |
0 |
|
|a slo
|
| 044 |
|
|
|a xo
|c SK
|
| 080 |
|
|
|a 339.174
|2 UDC-MRF-SK2
|
| 245 |
0 |
0 |
|a Atrakcie z Gemera už poznajú aj v okolí Brna
|c [autor] (ela)
|
| 300 |
|
|
|b Fotogr.
|
| 610 |
2 |
7 |
|a Turistické informačné centrum (Rožňava, Slovensko)
|2 rvgkpd
|9 916238
|
| 611 |
1 |
7 |
|a Regiontour (Brno, Česko)
|2 rvgkpd
|9 1067448
|
| 650 |
0 |
7 |
|a veľtrhy
|2 rvgkpd
|9 14535
|
| 651 |
|
7 |
|a Rožňava (Slovensko)
|2 rvgkpd
|9 17394
|
| 773 |
0 |
|
|t Korzár : Gemerský denník
|g Roč. VIII, č. 8 (11.1.2006), s. 1
|x 1335-7581
|
| 852 |
|
|
|a RVGKPD
|b KIS3G
|
| 992 |
|
|
|a RBX
|
| 999 |
|
|
|c 1754540
|d 1756470
|